00724nam a2200241 a 4500001001300000003000900013005001700022008004100039020000800080082001500088100002800103245005200131260004400183300000800227500003500235505001700270650002600287700002800313902000800341942000700349952011100356999001500467nice12345678IN_TiNIC20260116011541.0050524s1956 cala grp 000 0 eng  ac100a275.4bMUK aMukerjee, Arabindo Nath aShort History of Saint Pauls Cathedral Calcutta aCalcutta bBaptist Mission Press c1956 a30p aincludes index and biblioraphy2 aBibliography aSaint Pauls Cathedral1 aMukerjee, Arabindo Nath bSRS cBK 001040708StackRoom-aHMIbHMId2007-07-19g1.00l0o275.4 MUKp04913r2007-07-19v1.00w2005-05-24yBK c2545d2545